000 00597nam a2200241Ia 4500
003 OSt
005 20221007111409.0
006 a|||||r|||| 00| 0
007 ta
008 221006b |||||||| |||| 00| 0 eng d
024 _a23,429
037 _cTextual
040 _aLCO
_cLCO
_beng
041 _2eng
_aeng
082 _aV2:2, K7
100 _aPylee M.V
245 0 _aConstitutional History of India
260 _aBombay
_bAsia Pub. House India
_c1967
300 _a173
650 _aCONSTITUTION
942 _hV2:2, K7
_cTEXL
999 _c1192992
_d1192992